New Tools for Reform and Stability: sanctions, conditionalities and conflict resolution (Record no. 300)

MARC details
000 -LEADER
fixed length control field 00576nam a2200169Ia 4500
008 - FIXED-LENGTH DATA ELEMENTS--GENERAL INFORMATION
fixed length control field 240428s9999||||xx |||||||||||||| ||und||
020 ## - INTERNATIONAL STANDARD BOOK NUMBER
International Standard Book Number 19199691011
041 ## - LANGUAGE CODE
Language code of text/sound track or separate title eng
082 ## - DEWEY DECIMAL CLASSIFICATION NUMBER
Classification number 327.17N
100 ## - MAIN ENTRY--PERSONAL NAME
Personal name Mills, Greg (ed.) - Sidiropoulos, Elizabeth (ed.)
245 #0 - TITLE STATEMENT
Title New Tools for Reform and Stability: sanctions, conditionalities and conflict resolution
260 ## - PUBLICATION, DISTRIBUTION, ETC.
Name of publisher, distributor, etc. South African Institute of International Affairs
Place of publication, distribution, etc. Johannesburg
Date of publication, distribution, etc. 2004
300 ## - PHYSICAL DESCRIPTION
Extent x, 200p: maps: tabs;
650 ## - SUBJECT ADDED ENTRY--TOPICAL TERM
Topical term or geographic name entry element Conflict resolution - Tools for reform and stability
942 ## - ADDED ENTRY ELEMENTS (KOHA)
Koha item type Books
Holdings
Withdrawn status Lost status Damaged status Not for loan Home library Current library Shelving location Date acquired Total checkouts Full call number Date last seen Copy number Price effective from Koha item type
        Main Library Main Library Open Shelves 20/08/2021   327.17N 502 C1 29/04/2024 1 29/04/2024 Books
©2026  Parliament of Ghana Library - All rights reserved